<?xml version="1.0" encoding="UTF-8"?>
<marc:record xmlns:marc="http://www.loc.gov/MARC21/slim">
   <marc:leader>00000nam a2200000 a 4500</marc:leader>
   <marc:datafield ind1="1" ind2=" " tag="100">
      <marc:subfield code="a">Olsberg, Karl</marc:subfield>
      <marc:subfield code="4">aut</marc:subfield>
      <marc:subfield code="e">Verfasser/-in</marc:subfield>
   </marc:datafield>
   <marc:datafield ind1=" " ind2=" " tag="653">
      <marc:subfield code="a">Antolin</marc:subfield>
   </marc:datafield>
   <marc:datafield ind1=" " ind2=" " tag="653">
      <marc:subfield code="a">Klasse-4</marc:subfield>
   </marc:datafield>
   <marc:datafield ind1="0" ind2="0" tag="245">
      <marc:subfield code="a">Aufstand der Endermen</marc:subfield>
   </marc:datafield>
   <marc:datafield ind1=" " ind2="1" tag="264">
      <marc:subfield code="b">Epubli</marc:subfield>
      <marc:subfield code="c">2016</marc:subfield>
   </marc:datafield>
   <marc:datafield ind1="1" ind2=" " tag="490">
      <marc:subfield code="a">Das Dorf</marc:subfield>
   </marc:datafield>
   <marc:datafield ind1="1" ind2=" " tag="520">
      <marc:subfield code="a">Entsetzen herrscht in dem kleinen Dorf am Rand der Schlucht, als Primo von Endermen entführt wird. Einer nach dem anderen machen sich seine Freunde auf den Weg, um ihm zu helfen. Doch diesmal scheint die Lage aussichtslos, denn im Ende gab es eine Revolution... "Aufstand der Endermen" ist der zehnte Band der erfolgreichen Buchserie in der Welt des Computerspiels Minecraft von Bestseller-Autor Karl Olsberg. Das Besondere: Jeder kann die darin beschriebene Welt selber erkunden! Der benötigte Minecraft-Seed sowie exakte Positionsangaben der Handlungsschauplätze sind enthalten. (Verlagstext)</marc:subfield>
   </marc:datafield>
   <marc:datafield ind1=" " ind2=" " tag="020">
      <marc:subfield code="a">9781540352620</marc:subfield>
      <marc:subfield code="9">9781540352620</marc:subfield>
   </marc:datafield>
</marc:record>
